The dye house
| Main Author: | |
|---|---|
| Format: | Book |
| Published: |
Sydney :
Hale & Iremonger ,
c1961
|
MARC
| LEADER | 00000cam a2200000 7i4500 | ||
|---|---|---|---|
| 001 | 0000008770 | ||
| 005 | 20030319093000.0 | ||
| 008 | 021119s1961 | ||
| 020 | |a 0868060240 , |c (hb.) | ||
| 090 | 0 | 0 | |a PZ4 |b .C3 |
| 100 | 0 | |a Calthorpe, Mena , |e author | |
| 245 | 1 | 4 | |a The dye house |c Mena Calthorpe |
| 260 | 2 | |a Sydney : |b Hale & Iremonger , |c c1961 | |
| 300 | |a 218 p. ; |c 22 cm. | ||
| 999 | |a 1000048492 |b Book |c OPEN SHELF (30 DAYS) |e Gong Badak Campus | ||